Nonequilibrium structural condition in the medical TiNi-based alloy surface layer treated by electron beam; AIP Conference Proceedings; Vol. 1623 : International Conference on Physical Mesomechanics of Multilevel Systems 2014, Tomsk, Russia, 3–5 September 2014

Détails bibliographiques
Parent link:AIP Conference Proceedings
Vol. 1623 : International Conference on Physical Mesomechanics of Multilevel Systems 2014, Tomsk, Russia, 3–5 September 2014.— 2014.— [P. 435-438]
Autres auteurs: Neiman A. A., Meisner L. L., Lotkov A. I., Koval N. N. Nikolay Nikolaevich, Semin V. O., Teresov A. D.
Résumé:Title screen
The research is devoted to study the structural condition and their evolution from the surface to the depth of TiNi specimens treated by low-energy high-current electron beams with surface melting at a beam energy density E=10 J/cm{2}, number of pulses N=10, and pulse duration tau]=50 Ps. Determined thickness of the remelted layer, found that it has a layered structure in which each layer differs in phase composition and structural phase state. Refinement B2 phase lattice parameters in local areas showed the presence of strong inhomogeneous lattice strain.
Режим доступа: по договору с организацией-держателем ресурса
Langue:anglais
Publié: 2014
Sujets:
Accès en ligne:http://dx.doi.org/10.1063/1.4898975
http://earchive.tpu.ru/handle/11683/35672
Format: MixedMaterials Électronique Chapitre de livre
KOHA link:https://koha.lib.tpu.ru/cgi-bin/koha/opac-detail.pl?biblionumber=649061

MARC

LEADER 00000nla2a2200000 4500
001 649061
005 20231101134540.0
035 |a (RuTPU)RU\TPU\network\14222 
035 |a RU\TPU\network\12611 
090 |a 649061 
100 |a 20160617a2014 k y0engy50 ba 
101 0 |a eng 
105 |a y z 100zy 
135 |a drcn ---uucaa 
181 0 |a i  
182 0 |a b 
200 1 |a Nonequilibrium structural condition in the medical TiNi-based alloy surface layer treated by electron beam  |f A. A. Neiman [et al.] 
203 |a Text  |c electronic 
300 |a Title screen 
320 |a [References: p. 438 (10 tit.)] 
330 |a The research is devoted to study the structural condition and their evolution from the surface to the depth of TiNi specimens treated by low-energy high-current electron beams with surface melting at a beam energy density E=10 J/cm{2}, number of pulses N=10, and pulse duration tau]=50 Ps. Determined thickness of the remelted layer, found that it has a layered structure in which each layer differs in phase composition and structural phase state. Refinement B2 phase lattice parameters in local areas showed the presence of strong inhomogeneous lattice strain. 
333 |a Режим доступа: по договору с организацией-держателем ресурса 
461 1 |0 (RuTPU)RU\TPU\network\4816  |t AIP Conference Proceedings 
463 0 |0 (RuTPU)RU\TPU\network\4814  |t Vol. 1623 : International Conference on Physical Mesomechanics of Multilevel Systems 2014, Tomsk, Russia, 3–5 September 2014  |o [proceedings]  |f National Research Tomsk Polytechnic University (TPU)  |v [P. 435-438]  |d 2014 
610 1 |a электронный ресурс 
610 1 |a труды учёных ТПУ 
610 1 |a электронный пучок 
610 1 |a низкоэнергетические сильноточные импульсы 
701 1 |a Neiman  |b A. A. 
701 1 |a Meisner  |b L. L. 
701 1 |a Lotkov  |b A. I. 
701 1 |a Koval  |b N. N.  |c specialist in the field of electronics  |c Professor of Tomsk Polytechnic University, Doctor of technical sciences  |f 1948-  |g Nikolay Nikolaevich  |2 stltpush  |3 (RuTPU)RU\TPU\pers\34748 
701 1 |a Semin  |b V. O. 
701 1 |a Teresov  |b A. D. 
801 2 |a RU  |b 63413507  |c 20170109  |g RCR 
856 4 |u http://dx.doi.org/10.1063/1.4898975 
856 4 |u http://earchive.tpu.ru/handle/11683/35672 
942 |c CF